| 000 | 00887nam a2200277 i 4500 | ||
|---|---|---|---|
| 001 | bg | ||
| 100 | 1 | _aSERBIŃSKI, Waldemar | |
| 245 | 1 | 0 |
_aWarstwy powierzchniowe (Mn-N-S) i (Mn-N-O) wytwarzane na aluminium i jego stopach / _cWaldemar Serbiński ; Politechnika Gdańska. |
| 260 |
_aGdańsk : _bWydaw. PG, _c2003. |
||
| 300 |
_a94, [1] s. : _bil. ; _c24 cm. |
||
| 490 | 1 |
_aMonografie / Politechnika Gdańska ; _v32 |
|
| 500 | _aStreszcz. pol., ang. | ||
| 504 | _aBibliogr. | ||
| 650 | 9 | _aInżynieria powierzchni | |
| 650 | 9 |
_aAluminium _xmetalurgia |
|
| 650 | 9 | _aStopy (metalurg.) | |
| 710 | 0 | _aPolitechnika Gdańska | |
| 830 | 0 |
_aMonografie (Politechnika Gdańska) ; _v32 |
|
| 020 | _a8373480404 | ||
| 040 | _cBPK | ||
| 041 | 0 |
_apol _beng |
|
| 080 | _a621.791/.795:669.7.017/.018 | ||
| 920 | _a83-7348-040-4 | ||
| 942 | _cKS | ||
| 008 | s pl f |000 0 pol | ||
| 999 |
_c43081 _d43081 |
||
| 856 |
_uhttp://koha.tu.koszalin.pl/cgi-bin/koha/opac-detail.pl?biblionumber=43081 _yKatalog online BPK |
||